00294nam a22000977a 4500020001600000100001700016245010700033300002000140650001600160700002000176 qHard Cover. aSaif, Mashal aCritical Assessment of Screening Criteria for Shariah Complaint Investment and Equities cMashal Saif. a20 p. : c30cm. aMBA Thesis. aMr. Fazli Azim.